000 01054cam a2200241 4500
008 090401t1994 xxu||||| |||| 00| 0 eng d
020 _a0117019747
035 _a(Sirsi) u3365
041 _aeng
050 _a692.8
110 _aTBV Consult
_9930
245 _aPSA/1 with quantities (June 1994): general conditions of contract for building and civil engineering works.
260 _aLondon
_bHMSO
_c1994
300 _aiii,111p.
_c30cm.
350 _a25
520 _aFor use in both the private and public sectors with bills of quantities, where all or most of the quantities are firm and not subject to re-measurement, giving a lump sum contract subject to adjustment for variations ordered. Developed from GC/Works/1 Edition 3.
650 _aGENERAL CONDITIONS OF CONTRACT FOR BUILDING AND CIVIL ENGINEERING SINGLE STAGE DESIGN AND BUILD VERSION (THIRD EDITION)
650 _aPSA/1 WITH QUANITITES 1994
690 _aBUILT ENVIRONMENT-BUILDING CONTRACT FORMS
710 _aSimmons and Simmons
_92028
942 _n0
948 _c04/03/1997
999 _c85873
_d85873